| 000 | 00673nam a2200205 i 4500 | ||
|---|---|---|---|
| 001 | 138539 | ||
| 003 | ES-MaACL | ||
| 005 | 20250717081032.0 | ||
| 007 | t| | ||
| 008 | 070214s1903 sp r ||||1| spa d | ||
| 100 | 1 |
_aSans Tous, Juan. _9103210 |
|
| 245 | 1 | 0 |
_aSífilis concepcional _b: tesis del doctorado / _cJuan Sans Tous. |
| 260 |
_aBarcelona : _bTobella y Costa, _c1903. |
||
| 300 |
_a40 p. ; _c22 cm. |
||
| 500 | _aTesis de doctorado leída en la Universidad Central el 4 de julio de 1900. | ||
| 650 | 0 | 4 |
_aSífilis. _917092 |
| 710 | 2 |
_aUniversidad Central (Madrid). _bFacultad de Medicina _97093 |
|
| 852 |
_aES-MaACL _jT-1048-F-13 |
||
| 999 |
_c138539 _d138539 |
||